Statistiques concernant Devinez l'État Américain Mystère #5

Cliquez ici pour prendre le quiz!

Statistiques générales

  • Ce quiz a été pris 214 fois
  • Le résultat moyen est 33 sur 37

Statistiques - réponses

Type de RéponseRéponse% Correct
Lettre TrouvéeN
100%
Lettre TrouvéeA
99%
Lettre TrouvéeE
99%
Lettre TrouvéeI
99%
Lettre TrouvéeO
99%
Lettre de l'AlphabetS
99%
Lettre TrouvéeR
98%
Lettre TrouvéeL
97%
Lettre de l'AlphabetG
95%
Lettre de l'AlphabetK
95%
Lettre de l'AlphabetM
95%
Lettre de l'AlphabetT
95%
Lettre de l'AlphabetD
94%
Lettre de l'AlphabetW
94%
Lettre de l'AlphabetH
93%
Lettre TrouvéeC
92%
Lettre de l'AlphabetU
91%
Lettre de l'AlphabetY
91%
Lettre de l'AlphabetV
90%
Lettre de l'AlphabetB
86%
Lettre Bien PlacéeA
85%
Lettre TrouvéeF
84%
Lettre de l'AlphabetP
84%
Lettre de l'AlphabetX
84%
Lettre de l'AlphabetJ
81%
Lettre de l'AlphabetZ
81%
Lettre de l'AlphabetQ
80%
Lettre Bien PlacéeC
78%
État MystèreCalifornie
78%
Lettre Bien PlacéeE
78%
Lettre Bien PlacéeF
78%
Lettre Bien PlacéeI
78%
Lettre Bien PlacéeI
78%
Lettre Bien PlacéeL
78%
Lettre Bien PlacéeN
78%
Lettre Bien PlacéeO
78%
Lettre Bien PlacéeR
78%

Distribution des résultats

Percentile par nombre de réponses

% des personnes avec chaque résultat

Votre développement - résultats

Vous n’avez pas pris ce quiz